Thương mại-Môi trường và phát triển bền vững ở Việt Nam

Sách trình bày bốn vấn đề lớn trong chiến lược phát triển kinh tế của Việt Nam vào thế kỷ XXI: Hội nhập với kinh tế thế giới và khu vực; Cân đối giữa phát triển kinh tế với bảo vệ môi trường... là một tất yếu khách quan của cầu...

Full description

Saved in:
Bibliographic Details
Corporate Author: Bộ Thương mại
Format: Book
Language:Undetermined
Published: Hà Nội Chính trị Quốc gia 1998
Tags: Add Tag
No Tags, Be the first to tag this record!
Institutions: Trung tâm Học liệu Trường Đại học Cần Thơ
LEADER 01276nam a2200193Ia 4500
001 CTU_28343
008 210402s9999 xx 000 0 und d
020 |c 30000 
082 |a 330.95 
082 |b B450 
110 |a Bộ Thương mại 
245 0 |a Thương mại-Môi trường và phát triển bền vững ở Việt Nam 
245 0 |c Bộ Thương mại 
260 |a Hà Nội 
260 |b Chính trị Quốc gia 
260 |c 1998 
520 |a Sách trình bày bốn vấn đề lớn trong chiến lược phát triển kinh tế của Việt Nam vào thế kỷ XXI: Hội nhập với kinh tế thế giới và khu vực; Cân đối giữa phát triển kinh tế với bảo vệ môi trường... là một tất yếu khách quan của cầu phát triển kinh tế. Những dấu hiệu mới đòi hỏi phải tiếp tục cải cách kinh tế. Phương hướng và chỉ đạo của tiếp tục đổi mới. Những chủ trương, biện pháp, chính sách kinh tế chủ yếu. 
904 |i Nguyễn Quang Điền, Giang sửa 
980 |a Trung tâm Học liệu Trường Đại học Cần Thơ